| 000 | 00751nam a2200229Ii 4500 | ||
|---|---|---|---|
| 003 | JO-AjNU | ||
| 008 | 230606s9999||||xx |||||||||||||| ||und|| | ||
| 020 | _a0-415-07932-2 | ||
| 040 |
_aJO-AjNU _beng _erda _cJO-AjNU |
||
| 041 | _aeng | ||
| 050 | 1 | 4 | _aHF5657.4 .S57 1994 |
| 100 | 3 |
_aSneyd,Peter ؛series editor: Joseph G. Nellis, _eauthor _93187 |
|
| 245 | 0 | 0 | _aPrinciples of Accounting and Finance |
| 250 | _a1 ed | ||
| 264 | 3 | 1 | _aLondon,New York: Routledge,1994 |
| 300 |
_a215p _bIncludes appendix andglossary and indexes(P181-215) |
||
| 336 |
_atext _btxt _2rdacontent |
||
| 337 |
_aunmediated _bn _2rdamedia |
||
| 338 |
_avolume _bnc _2rdacarrier |
||
| 490 | 0 | _aRoutledge Principles of Management | |
| 650 | 4 |
_aAccounting and Finance _93188 |
|
| 999 |
_aE1669 _c1669 _d1669 |
||